{"text_format":"3","workbook":"xlsx","n_sheets":2,"sheets":["BM","CFF-BM"],"read":"whole","date_system":"1900"}

{"sheet":"BM","index":0,"n_rows":16,"n_cols":19,"rows_kept":16}
["Nivel","N° Macrosserviço / Serviço","Fonte","Código","Descrição Macrosserviço / Serviço","Qtd. (valor calculado)","Und.","Custo Unitário Referência","Custo Unitário","BDI","Preço Unitário (valor calculado)","Preço Total (valor calculado)","Observação","N° Frente de Obra","Frente de Obra","Qtd.","Valor"]
["Macrosserviço","1","","","SERVIÇOS PRELIMINARES","","","","","","",{"$f":"ROUND(L3,2)+ROUND(L4,2)+ROUND(L5,2)+ROUND(L6,2)","v":30432.75},"","","","","","",""]
["Serviço","1.1","SINAPI","103689","FORNECIMENTO E INSTALAÇÃO DE PLACA DE OBRA COM CHAPA GALVANIZADA E ESTRUTURA DE MADEIRA. AF_03/2022_PS",{"$f":"P3","v":{"v":8,"d":"8.00"}},"M2",470.2,470.2,{"v":0.24230000000000002,"d":"24.23%"},{"$f":"ROUND(I3,2)+(ROUND(I3,2)*J3)","v":584.12946},{"$f":"ROUND(Q3,2)","v":4673.04},null,"1","Frente única",{"v":8,"d":"8.00"},{"$f":"ROUND(K3,2)*P3","v":4673.04}]
["Serviço","1.2","Outros","20344 DER","Mobilização e desmobilização de conteiner locado para barracão de obra",{"$f":"P4","v":{"v":1,"d":"1.00"}},"UN",1666.67,1666.67,{"v":0.24230000000000002,"d":"24.23%"},{"$f":"ROUND(I4,2)+(ROUND(I4,2)*J4)","v":2070.5041410000003},{"$f":"ROUND(Q4,2)","v":2070.5},null,"1","Frente única",{"v":1,"d":"1.00"},{"$f":"ROUND(K4,2)*P4","v":2070.5}]
["Serviço","1.3","Outros","20352 DER","Aluguel mensal container para escritório, dim. 6.00x2.40m, c/ banheiro (vaso+lavat+chuveiro e básc), incl. porta, 2 janelas, abert p/ ar cond., 2 pt iluminação, 2 tom. elét. e 1 tom.telef. Isolam.térmico(teto e paredes), piso em comp. Naval, cert. NR18, incl. laudo descontaminação",{"$f":"P5","v":{"v":6,"d":"6.00"}},"MES",1229.4,1229.4,{"v":0.24230000000000002,"d":"24.23%"},{"$f":"ROUND(I5,2)+(ROUND(I5,2)*J5)","v":1527.2836200000002},{"$f":"ROUND(Q5,2)","v":9163.68},null,"1","Frente única",{"v":6,"d":"6.00"},{"$f":"ROUND(K5,2)*P5","v":9163.68}]
["Serviço","1.4","Outros","10512 DER","Equipe topográfica para serviços simples de locação e nivelamento (incluindo equipamento, transporte e profissionais nivel médio)",{"$f":"P6","v":{"v":0.5,"d":"0.50"}},"MES",23384.59,23384.89,{"v":0.24230000000000002,"d":"24.23%"},{"$f":"ROUND(I6,2)+(ROUND(I6,2)*J6)","v":29051.048847},{"$f":"ROUND(Q6,2)","v":14525.53},null,"1","Frente única",{"v":0.5,"d":"0.50"},{"$f":"ROUND(K6,2)*P6","v":14525.525}]
["Macrosserviço","2","","","URBANIZAÇÃO","","","","","","",{"$f":"ROUND(L8,2)+ROUND(L9,2)+ROUND(L10,2)+ROUND(L11,2)+ROUND(L12,2)","v":454419.46},"","","","","","",""]
["Serviço","2.1","SINAPI","94273","ASSENTAMENTO DE GUIA (MEIO-FIO) EM TRECHO RETO, CONFECCIONADA EM CONCRETO PRÉ-FABRICADO, DIMENSÕES 100X15X13X30 CM (COMPRIMENTO X BASE INFERIOR X BASE SUPERIOR X ALTURA). AF_01/2024",{"$f":"P8","v":{"v":2026.54,"d":"2,026.54"}},"M",57.7,57.7,{"v":0.24230000000000002,"d":"24.23%"},{"$f":"ROUND(I8,2)+(ROUND(I8,2)*J8)","v":71.68071},{"$f":"ROUND(Q8,2)","v":145262.39},"MEIO FIO","1","Frente única",{"v":2026.54,"d":"2,026.54"},{"$f":"ROUND(K8,2)*P8","v":145262.3872}]
["Serviço","2.2","SINAPI","94995","EXECUÇÃO DE PASSEIO (CALÇADA) OU PISO DE CONCRETO COM CONCRETO MOLDADO IN LOCO, USINADO, ACABAMENTO CONVENCIONAL, ESPESSURA 8 CM, ARMADO. AF_08/2022",{"$f":"P9","v":{"v":1398.53,"d":"1,398.53"}},"M2",106.72,106.72,{"v":0.24230000000000002,"d":"24.23%"},{"$f":"ROUND(I9,2)+(ROUND(I9,2)*J9)","v":132.578256},{"$f":"ROUND(Q9,2)","v":185417.11},"CALÇADA CIDADÃ","1","Frente única",{"v":1398.53,"d":"1,398.53"},{"$f":"ROUND(K9,2)*P9","v":185417.1074}]
["Serviço","2.3","SINAPI","104658","PISO PODOTÁTIL DE ALERTA OU DIRECIONAL, DE CONCRETO, ASSENTADO SOBRE ARGAMASSA. AF_03/2024",{"$f":"P10","v":468.25},"M2",182.15,182.15,{"v":0.24230000000000002,"d":"24.23%"},{"$f":"ROUND(I10,2)+(ROUND(I10,2)*J10)","v":226.284945},{"$f":"ROUND(Q10,2)","v":105955.61},"CALÇADA CIDADÃ","1","Frente única",468.25,{"$f":"ROUND(K10,2)*P10","v":105955.61}]
["Serviço","2.4","SINAPI","103696","FORNECIMENTO E INSTALAÇÃO DE SUPORTE DE MADEIRA PARA PLACAS DE SINALIZAÇÃO EM CONCRETO, COM H= DE 2,5 M E SEÇÃO DE 7,5 X 7,5 CM. AF_03/2022",{"$f":"P11","v":{"v":59,"d":"59.00"}},"UN",160.6,160.6,{"v":0.24230000000000002,"d":"24.23%"},{"$f":"ROUND(I11,2)+(ROUND(I11,2)*J11)","v":199.51337999999998},{"$f":"ROUND(Q11,2)","v":11771.09},"SINALIZAÇÃO","1","Frente única",{"v":59,"d":"59.00"},{"$f":"ROUND(K11,2)*P11","v":11771.09}]
["Serviço","2.5","Outros","5213416 SICRO","Placa em aço nº 16 galvanizado com película retrorreflexiva tipo I + I - confecção",{"$f":"P12","v":11.58},"M2",418,418,{"v":0.24230000000000002,"d":"24.23%"},{"$f":"ROUND(I12,2)+(ROUND(I12,2)*J12)","v":519.2814},{"$f":"ROUND(Q12,2)","v":6013.26},"SINALIZAÇÃO","1","Frente única",11.58,{"$f":"ROUND(K12,2)*P12","v":6013.2624}]
["Macrosserviço","3","","","PAVIMENTAÇÃO","","","","","","",{"$f":"ROUND(L14,2)","v":559023.41},"","","","","","",""]
["Serviço","3.1","SINAPI","93681","EXECUÇÃO DE PAVIMENTO EM PISO INTERTRAVADO, COM BLOCO RETANGULAR COLORIDO DE 20 X 10 CM, ESPESSURA 8 CM. AF_10/2022",{"$f":"P14","v":{"v":3524.96,"d":"3,524.96"}},"M2",127.66,127.66,{"v":0.24230000000000002,"d":"24.23%"},{"$f":"ROUND(I14,2)+(ROUND(I14,2)*J14)","v":158.592018},{"$f":"ROUND(Q14,2)","v":559023.41},null,"1","Frente única",{"v":3524.96,"d":"3,524.96"},{"$f":"ROUND(K14,2)*P14","v":559023.4064}]
["","","","","","","","","","","","","","","","Total:",{"$f":"L2+L7+L13","v":1043875.6200000001}]
["","","","","","","","","","","","","","","","Valor não utilizado (QCI):",{"$f":"ROUND(1043875.62,2)-ROUND(Q15,2)","v":0}]

{"sheet":"CFF-BM","index":1,"n_rows":16,"n_cols":4,"rows_kept":16,"merged":[[1,0,6,0],[1,1,6,1],[7,0,10,0],[7,1,10,1],[11,0,15,0],[11,1,15,1]]}
["Número","Macrosserviço","Parcela","Percentual Parcela"]
["1","SERVIÇOS PRELIMINARES","1",{"v":0.75,"d":"75.00%"}]
[null,null,"2",{"v":0.05,"d":"5.00%"}]
[null,null,"3",{"v":0.05,"d":"5.00%"}]
[null,null,"4",{"v":0.05,"d":"5.00%"}]
[null,null,"5",{"v":0.05,"d":"5.00%"}]
[null,null,"6",{"v":0.05,"d":"5.00%"}]
["2","URBANIZAÇÃO","1",{"v":0.25,"d":"25.00%"}]
[null,null,"2",{"v":0.25,"d":"25.00%"}]
[null,null,"3",{"v":0.25,"d":"25.00%"}]
[null,null,"4",{"v":0.25,"d":"25.00%"}]
["3","PAVIMENTAÇÃO","2",{"v":0.2,"d":"20.00%"}]
[null,null,"3",{"v":0.2,"d":"20.00%"}]
[null,null,"4",{"v":0.2,"d":"20.00%"}]
[null,null,"5",{"v":0.2,"d":"20.00%"}]
[null,null,"6",{"v":0.2,"d":"20.00%"}]